| 000 | 00606na a2200229 4500 | ||
|---|---|---|---|
| 001 | 18888 | ||
| 003 | MIRAKIL | ||
| 005 | 20181213154951.0 | ||
| 008 | 161204b tu 000 0 | ||
| 035 | _a18888 | ||
| 040 |
_aMilas _btur _cTR-AnCHP |
||
| 041 | _atur | ||
| 082 |
_a320.8 _bT27ç 1993 |
||
| 090 | _a320.8 T27ç 1993 | ||
| 100 | _aTaşdelen, M.Doğan | ||
| 245 |
_aÇağdaş katılımcı demokratik belediye _cM. Doğan Taşdelen |
||
| 260 |
_aAnkara _b[yayl. y.] _c1993 |
||
| 300 |
_a95 s. _c20 sm. |
||
| 650 | _aYerel yönetimler | ||
| 650 |
_aDemokratik _xBelediyeler |
||
| 942 |
_2ddc _cBKS |
||
| 999 |
_c4017 _d4017 |
||